Word Ladder: Yellow Journalism Quiz Stats

 Plays Quiz Updated Mar 11, 2013

Support Sporcle.
Go Orange.
Score 0/23 Timer 02:00
1 Play Today
Hint 4-Letter Word % Correct
JacketCOAT
94.5%
Castle's watery trenchMOAT
93.4%
Black carbon fossil fuel✷COAL✷
92.5%
Unmixed, as a drinkNEAT
90.8%
Dining hallMESS
89.9%
Golfer's cryFORE
89.8%
Report of recent events✷NEWS✷
89.7%
Animal's flesh✷MEAT✷
89.5%
InfernoFIRE
89.5%
CreateMAKE
88.8%
Horse's hairMANE
88.5%
Former Speaker GingrichNEWT
87.9%
Hint 4-Letter Word % Correct
Young horseFOAL
87.9%
Cat's noisesMEWS
87%
Ankle's appendageFOOT
86.7%
Dig for ore✷MINE✷
86.5%
Gather leaves✷RAKE✷
86.5%
It precedes WorthFORT
85.7%
Of high qualityFINE
84.6%
SimpletonFOOL
84.3%
Make untidy, like hairMUSS
63.7%
Heavy odorMUSK
53.7%
Wet dirt or sludge✷MUCK✷
38.3%

Today's Daily Dose

Word Ladder
ING Words

Get the Picture
Nearest Volcano

From the Vault

All the College Champions

by Hejman

Sports 10m
College sports - making university presidents wealthy since the 1860s.
Remove Ads.
Support Sporcle.
Get the best of Sporcle when you Go Orange. This ad-free experience offers more features, more stats, and more fun while also helping to support Sporcle. Thank you for becoming a member.

Show Comments

Extras

Top Quizzes Today


Score Distribution

Your Account Isn't Verified!

In order to create a playlist on Sporcle, you need to verify the email address you used during registration. Go to your Sporcle Settings to finish the process.

Report this User

Report this user for behavior that violates our Community Guidelines.

Details: